| 000 | 00540cam a22002171 4500 | ||
|---|---|---|---|
| 001 | sa 63004075 | ||
| 003 | DLC | ||
| 005 | 20260227111946.0 | ||
| 008 | 711202s1963 xx 000 0 eng | ||
| 010 | _asa 63004075 | ||
| 015 | _aGB64-56 | ||
| 035 | _a(OCoLC)177424 | ||
| 040 |
_aDLC _cODaWU _dUk _dDLC |
||
| 042 | _apremarc | ||
| 050 | 0 | 0 |
_aLB775.G22 _bS2 |
| 100 | 1 |
_aSalamatullah, _d1913- |
|
| 245 | 1 | 0 | _aThoughts on basic education. |
| 260 |
_bAsia Pub. House _c[1963] |
||
| 300 | _a112 p. | ||
| 650 | 0 | _aWardha scheme of education. | |
| 999 |
_c55458 _d55458 |
||